000 004400000a22001690004500
020 _a84-01-30332-X
041 0 _aSPA
082 0 4 _aG 823 S7365h
100 1 _aSparks, Christine
245 1 0 _aEl hombre elefante / Christine Sparks; Lorenzo Ferrer Lafuente, Traductor
250 _a2
260 _aBarcelona, España : Plaza y Janés
300 _a283 Pag
500 _aTitulo original : The elephant man
001 10911
942 _cBK
999 _c40318
_d40318